000 00545nam a2200217Ia 4500
003 OSt
005 20220928141453.0
006 a|||||r|||| 00| 0
007 ta
008 220927b |||||||| |||| 00| 0 eng d
024 _a15344
037 _cTextual
040 _aSDCL
_cSDCL
_beng
041 _2eng
_aeng
082 _aO12,6I66:g, L9
100 _aZweig Stefan
_9500455
245 0 _aErasmus and the right to heresy.
260 _c1979
942 _hO12,6I66:g, L9
_cTEXL
_2CC
999 _c817751
_d817751